Southville International School and Colleges
Your cart is empty.
  • Cart
  • Lists
    Public lists Eva Luna New books Lux_list list_1
    Your lists Log in to create your own lists
  • Log in to your account
  • Your cookies
  • Search history
Southville International School and Colleges
  • Advanced search
  • Recent comments
  • Most popular
  • Libraries

Log in to your account

Log in with GOOGLE


If you do not have an external account, but do have a local account, you can still log in:

  1. Home
  2. MARC view: Planning and assessing the curriculum in English language arts /
Normal view MARC view ISBD view

Planning and assessing the curriculum in English language arts / (Record no. 12519)

[ view plain ]
MARC details
000 -LEADER
fixed length control field 01083pam a2200289 a 4500
001 - CONTROL NUMBER
control field 2960674
003 - CONTROL NUMBER IDENTIFIER
control field OSt
005 - DATE AND TIME OF LATEST TRANSACTION
control field 20160602152927.0
008 - FIXED-LENGTH DATA ELEMENTS--GENERAL INFORMATION
fixed length control field 910701s1991 vau b 000 0 eng
010 ## - LIBRARY OF CONGRESS CONTROL NUMBER
LC control number 91026547
020 ## - INTERNATIONAL STANDARD BOOK NUMBER
International Standard Book Number 0871201852 :
Terms of availability $13.95
040 ## - CATALOGING SOURCE
Original cataloging agency DLC
Transcribing agency DLC
Modifying agency DLC
043 ## - GEOGRAPHIC AREA CODE
Geographic area code n-us---
050 00 - LIBRARY OF CONGRESS CALL NUMBER
Classification number LB 1576
Item number .T3585 1991
082 00 - DEWEY DECIMAL CLASSIFICATION NUMBER
Classification number GLT 375.428
Item number T21 1991
100 1# - MAIN ENTRY--PERSONAL NAME
Personal name Tchudi, Stephen,
Dates associated with a name 1942-
9 (RLIN) 22424
245 10 - TITLE STATEMENT
Title Planning and assessing the curriculum in English language arts /
Statement of responsibility, etc Stephen Tchudi.
260 ## - PUBLICATION, DISTRIBUTION, ETC. (IMPRINT)
Place of publication, distribution, etc Alexandria, Va. :
Name of publisher, distributor, etc Association for Supervision and Curriculum Development,
Date of publication, distribution, etc 1991.
300 ## - PHYSICAL DESCRIPTION
Extent 112 p. :
Dimensions 23 cm.
650 #0 - SUBJECT ADDED ENTRY--TOPICAL TERM
Topical term or geographic name as entry element Language arts
General subdivision Curricula
Geographic subdivision United States.
9 (RLIN) 22425
650 #0 - SUBJECT ADDED ENTRY--TOPICAL TERM
Topical term or geographic name as entry element Language arts
General subdivision Curricula
Geographic subdivision United States
Form subdivision Case studies.
9 (RLIN) 22426
650 #0 - SUBJECT ADDED ENTRY--TOPICAL TERM
Topical term or geographic name as entry element English language
General subdivision Study and teaching
-- Curricula
Geographic subdivision United States.
9 (RLIN) 22427
906 ## - LOCAL DATA ELEMENT F, LDF (RLIN)
a 7
b cbc
c orignew
d 1
e ocip
f 19
g y-gencatlg
942 ## - ADDED ENTRY ELEMENTS (KOHA)
Source of classification or shelving scheme Library of Congress Classification
Koha item type Books
Holdings
Withdrawn status Lost status Source of classification or shelving scheme Damaged status Home library Current library Shelving location Date acquired Source of acquisition Total Checkouts Full call number Barcode Date last seen Copy number Price effective from Koha item type
    Library of Congress Classification   Luxembourg Library Luxembourg Library Genevive Ledesma - Tan Section 10/01/2013 Donation   LB 1576 .T3585 1991 7306 04/11/2016 1 10/01/2013 Books

Planning and assessing the curriculum in English language arts /

APA

Tchudi S., . (1991). Planning and assessing the curriculum in English language arts. Alexandria, Va: Association for Supervision and Curriculum Development.

Chicago

Tchudi Stephen, . 1991. Planning and assessing the curriculum in English language arts. Alexandria, Va: Association for Supervision and Curriculum Development.

Harvard

Tchudi S., . (1991). Planning and assessing the curriculum in English language arts. Alexandria, Va: Association for Supervision and Curriculum Development.

MLA

Tchudi Stephen, . Planning and assessing the curriculum in English language arts. Alexandria, Va: Association for Supervision and Curriculum Development. 1991.

  • Place hold
  • Print
  • Cite
  • Add to your cart (remove)
  • Save record
    BIBTEX Dublin Core MARCXML MARC (non-Unicode/MARC-8) MARC (Unicode/UTF-8) MARC (Unicode/UTF-8, Standard) MODS (XML) RIS
  • More searches
    Search for this title in:
    Other Libraries (WorldCat) Other Databases (Google Scholar) Online Stores (Bookfinder.com) Open Library (openlibrary.org)

Exporting to Dublin Core...

SOUTHVILLE LIBRARY

Southville International School and Colleges Library

1281 Tropical Ave. Cor. Luxembourg St., BF Homes International, Las Pinas City

Tel. No. 8256374 / 252358 Loc. 117/146

Powered by Koha